Tomo segundo de la quaresma del padre Luis Bardelue, de la extinguida compañía de Jesús, ...

Detalles Bibliográficos
Autor principal: BURDALUE, Luis
Formato: Libro
Publicado: Madrid 1777
Edición:2a ed.
Materias:
Colección:Banco de datos
Acervo:Biblioteca del Ex Convento de Nuestra Señora de Guadalupe. Zacatecas
Descripción Física:t. III
Tema general:Religiosos
Notas:Buena. XIII,3,13 (4466). Ex libris manuscrito del P. Cabrera
LEADER 00805nam a22002170004500
035 |a 46577 
036 |a 7761 
100 1 |a BURDALUE, Luis 
245 1 0 |a Tomo segundo de la quaresma del padre Luis Bardelue, de la extinguida compañía de Jesús, ... 
250 |a 2a ed. 
260 |a Madrid  |b ed. Manuel de Godos, imp. Blas Román  |c 1777 
300 |a t. III 
500 |a Buena. XIII,3,13 (4466). Ex libris manuscrito del P. Cabrera 
650 1 0 |a Religiosos 
949 |a CRZ-CG 
959 |a Ex convento de Nuestra Señora de Guadalupe, Museo Regional de Zacatecas, Zacatecas  |b CCC4 
960 |a Convento de Nuestra Señora de Guadalupe, Zacatecas  |b DD87 
961 |a Franciscana  |b OF 
942 |c CRZ-CG 
943 |g Biblioteca del Ex Convento de Nuestra Señora de Guadalupe. Zacatecas 
999 |c 970704  |d 970704